| 000 | 00612nam a2200229Ia 4500 | ||
|---|---|---|---|
| 003 | BUBTL | ||
| 008 | 151213s9999 xx 000 0 und d | ||
| 020 | _a0-19-502530-X | ||
| 082 | _a364 / V882t /1979 | ||
| 100 |
_aVold, George B. _94199 |
||
| 245 |
_aTheoretical Criminology _cGeorge B. Vold |
||
| 250 | _a2nd | ||
| 260 |
_aNew York _bOxford University Press _cc1979 |
||
| 300 |
_a[xii] , 433 p . : _c22 cm. |
||
| 500 | _aIncludes Index . | ||
| 650 | _aLaw | ||
| 650 |
_aLaw _94200 |
||
| 700 | _aGeorge B. Vold | ||
| 856 |
_k0 _l0 _yDownload |
||
| 942 |
_2ddc _cBK |
||
| 999 |
_c3160 _d3160 |
||